000 00618nmm a2200205Ia 4500
008 251105s9999||||xx |||||||||||||||||und||
041 _aspa
100 _aMerryman, John Henry
245 0 _aLa tradición jurídica romano-canónica
264 _a[México D.C., Mexico] :
_bFondo de Cultura Económica,
_c2016
300 _a285 páginas
490 _aBreviarios
650 _aLaw
700 _aMerryman, John Henry
700 1 _a Pérez Perdomi, Rogelio
700 1 _a Suárez Galindo, Eduardo L.
700 1 _a Ímaz, José María
856 _uhttps://public.digitaliapublishing.com/a/64687
942 _cCF
999 _c68790
_d68790